| Tag |
First Indicator |
Second Indicator |
Subfields |
| LEADER |
00000cam a2200000 a 4500 |
| 001 |
in00001403817 |
| 005 |
20151020053158.0 |
| 008 |
970320s1996 at a b 000 0 eng d |
| 020 |
|
|
|a 0732609011
|
| 035 |
|
|
|a (OCoLC)36586969
|
| 035 |
|
|
|9 AHM7293AM
|
| 040 |
|
|
|a CBT
|c CBT
|d TXA
|d UtOrBLW
|
| 043 |
|
|
|a u-at---
|
| 049 |
|
|
|a TXAM
|
| 090 |
|
|
|a HE333
|b .T72 1996
|
| 100 |
1 |
|
|a Ogden, Kenneth Wade.
|
| 245 |
1 |
0 |
|a Traffic engineering and management /
|c K.W. Ogden & S.Y. Taylor, editors.
|
| 264 |
|
1 |
|a Clayton, Vic. :
|b Monash University, Institute of Transport Studies,
|c [1996]
|
| 264 |
|
4 |
|c ©1996
|
| 300 |
|
|
|a xii, 680 pages :
|b illustrations ;
|c 25 cm.
|
| 336 |
|
|
|a text
|b txt
|2 rdacontent
|
| 337 |
|
|
|a unmediated
|b n
|2 rdamedia
|
| 338 |
|
|
|a volume
|b nc
|2 rdacarrier
|
| 504 |
|
|
|a Includes bibliographical references and index.
|
| 500 |
|
|
|a Errata slip inserted.
|
| 650 |
|
0 |
|a Traffic engineering
|z Australia.
|
| 650 |
|
0 |
|a Express highways
|z Australia
|x Management.
|
| 650 |
|
0 |
|a Traffic safety
|z Australia.
|
| 650 |
|
0 |
|a Roads
|z Australia
|x Design and construction.
|
| 700 |
1 |
|
|a Taylor, Samantha Y.
|
| 710 |
2 |
|
|a Monash University.
|b Institute of Transport Studies.
|
| 948 |
|
|
|a c:pk
|
| 999 |
|
|
|a MARS
|
| 999 |
f |
f |
|s 14435f16-a449-3956-8702-2d5b7e6973f5
|i eb0f1e67-8da8-3ffc-ba83-c6defdd1862d
|t 0
|
| 952 |
f |
f |
|p ric
|a Texas A&M University
|b Rellis Campus
|c Joint Library Facility
|d Remote Storage
|t 0
|e HE333 .T72 1996
|h Library of Congress classification
|i unmediated -- volume
|m A14822487194
|
| 998 |
f |
f |
|a HE333 .T72 1996
|t 0
|l Remote Storage
|